[Event "Cheliabinsk Region-ch"]
[Site "Cheliabinsk"]
[Date "2008.03.01"]
[Round "1"]
[White "Kogan, Alexander"]
[Black "Kupavyh, Viacheslav"]
[Result "0-1"]
[WhiteElo "2171"]
[BlackElo "2169"]
[PlyCount "113"]
[EventDate "2008.03.01"]
[EventType "swiss"]
[EventRounds "9"]
[EventCountry "RUS"]
[SourceTitle "CBM 123 Extra"]
[Source "ChessBase"]
[SourceDate "2008.05.06"]
[SourceVersion "1"]
[SourceVersionDate "2008.05.06"]
[SourceQuality "1"]

1. e4 e5 2. Nf3 Nc6 3. Bb5 a6 4. Bxc6 dxc6 5. 0-0 f6 6. d4 Bg4 7. dxe5 Qxd1 8. Rxd1 fxe5 9. Nbd2 Rd8 10. Re1 Bd6 11. h3 Bh5 12. g4 Bf7 13. Ng5 Ne7 14. Nxf7 Kxf7 15. Nc4 Ng6 16. Bg5 Rd7 17. Kg2 h6 18. Be3 Rhd8 19. a3 Be7 20. Re2 Ke6 21. Rf1 Bg5 22. Na5 Rb8 23. Rb1 Bxe3 24. fxe3 Ne7 25. Rf1 b6 26. Nc4 Rbd8 27. Rff2 Rd1 28. Rf1 Rxf1 29. Kxf1 Ng8 30. Rf2 g6 31. Ke1 Nf6 32. Nd2 b5 33. Rf1 c5 34. Rg1 Nd7 35. g5 h5 36. Nf3 Kf7 37. Rf1 Kg7 38. Ke2 Re8 39. Rd1 Nb6 40. b3 a5 41. Rf1 Re7 42. Nh4 Nd7 43. Rd1 Nb6 44. Rf1 Nd7 45. Rd1 Nb6 46. Rf1 Re6 47. Rd1 Rd6 48. Nf3 Nd7 49. Rd5 Nf8 50. Nh4 Kf7 51. Nf3 Ke6 52. c4 a4 53. bxa4 bxc4 54. Nh4 Kf7 55. Nf3 Ke7 56. Nxe5 Rxd5 57. exd5 0-1